Súkromné školy ako terč

Financovanie štátnych, súkromných a cirkevných škôl rovkano, cez tzv. normatívy. Návrh Ministerstva školstva na zmenu vo financovaní súkromných škôl. Kvalita vzdelávania na štátnych a súkromných školách. Testovanie deviatakov a testovanie PISA. Skúsenosti riaditeľov súkromných škôl v tejto oblasti p...

Descripción completa

Guardado en:
Detalles Bibliográficos
Autor principal: Petková, Zuzana
Formato: Capítulo de libro
Lenguaje:eslovaco
Materias:
Etiquetas: Agregar Etiqueta
Sin Etiquetas, Sea el primero en etiquetar este registro!

MARC

LEADER 00000naa a2200000 4500
001 0185260
005 20231113101144.6
041 0 |a slo 
044 |a SK 
245 1 0 |a Súkromné školy ako terč  |c Zuzana Petková 
520 |a Financovanie štátnych, súkromných a cirkevných škôl rovkano, cez tzv. normatívy. Návrh Ministerstva školstva na zmenu vo financovaní súkromných škôl. Kvalita vzdelávania na štátnych a súkromných školách. Testovanie deviatakov a testovanie PISA. Skúsenosti riaditeľov súkromných škôl v tejto oblasti podnikania. 
610 2 0 |a vzdelávanie 
610 2 0 |a školstvo 
610 2 0 |a školy súkromné 
610 2 0 |a financovanie 
610 2 0 |a financie 
610 2 0 |a kvalita vzdelávania 
610 2 0 |a podnikanie 
100 1 |a Petková, Zuzana